000 03483cam a22004938i 4500
001 9781003320456
003 FlBoTFG
005 20250131102542.0
006 m o d
007 cr |||||||||||
008 221013s2023 enk ob 001 0 eng
020 _a9781003320456
_q(ebook)
020 _a1003320457
020 _a9781000861556
_q(electronic bk. : EPUB)
020 _a1000861554
_q(electronic bk. : EPUB)
020 _a9781000861525
_q(electronic bk. : PDF)
020 _a100086152X
_q(electronic bk. : PDF)
020 _z9781032340784
_q(hardback)
020 _z9781032340791
_q(paperback)
024 7 _a10.4324/9781003320456
_2doi
040 _aKO
_beng
041 0 _aeng
082 0 0 _a341.4/48
_223/eng/20230105
100 1 _aGrima, Antoine,
_eauthor.
245 1 0 _aSea level change and maritime boundaries /
_cAntoine Grima.
264 1 _aAbingdon, Oxon ;
_aNew York, NY :
_bRoutledge,
_c2023.
300 _a1 online resource.
490 1 _aIMLI studies in international maritime law
505 0 _aThe concern -- The baseline -- Islands -- The judicial delimitation of maritime boundaries -- Stability and clarity -- Concluding remarks.
520 _aClimate change is modifying, in varying measure, the coastal geography of States. The phenomenon is not temporary but is expected to carry on during the 21st century and beyond. A distinctive feature of modern international law is the concept of maritime zones. Each maritime area is subject to an intricate scheme of States' rights and obligations. Coastal geography is a fundamental component of a long-standing method, developed and agreed upon between States, to establish the outward limits of these areas. A feature of this method is the baseline. In international law it is the only reference line from where the outward limits of maritime zones are measured. There are clear rules on how this is established along a coast. There is a concern amongst a number of States that rising sea water levels as a result of climate change may compel them to shift their baselines inward thus affecting the outward limits of their maritime zones. It is clear that the stability of maritime boundaries is put into question and this may bring about serious political, legal and economic repercussions. This concern may also affect the outcome of dispute settlement procedures before a competent international court or tribunal the purpose of which is to resolve overlapping maritime claims. Key questions emerge. What is the role played by coastal geography in the legal regime determining the outward limits of maritime zones? What are the consequences of changes to coastal geography? To what extent are dispute settlement procedures before a Court or Tribunal immune from this concern? Is international law able to address this? If so, in what way and what are its limits? What can be done to resolve this?
650 0 _aMaritime boundaries.
650 0 _aBaselines (Law of the sea)
650 0 _aSea level.
650 0 _aClimatic changes
_xLaw and legislation.
650 7 _aLAW / International
_2bisacsh
650 7 _aLAW / Maritime
_2bisacsh
830 0 _aIMLI studies in international maritime law.
856 4 0 _3Taylor & Francis
_uhttps://www.taylorfrancis.com/books/9781003320456
856 4 2 _3OCLC metadata license agreement
_uhttp://www.oclc.org/content/dam/oclc/forms/terms/vbrl-201703.pdf
904 _aRUDRA_R
905 _aR_RANJAN
942 _2 ddc
_cEB
999 _c3144
_d3144